| 000 -LEADER |
| fixed length control field |
01127 a2200169 4500 |
| 020 ## - INTERNATIONAL STANDARD BOOK NUMBER |
| International Standard Book Number |
0201433036 (acid-free paper) |
| 040 ## - CATALOGING SOURCE |
| Original cataloging agency |
DLC |
| 100 1# - MAIN ENTRY--PERSONAL NAME |
| Personal name |
Denning, Dorothy Elizabeth Robling, |
| 245 10 - TITLE STATEMENT |
| Title |
Information warfare and security |
| Statement of responsibility, etc. |
Dorothy E. Denning. |
| 260 ## - PUBLICATION, DISTRIBUTION, ETC. |
| Place of publication, distribution, etc. |
India : |
| Name of publisher, distributor, etc. |
ACM Press ; |
| Place of publication, distribution, etc. |
Reading, Ma. : |
| Name of publisher, distributor, etc. |
Addison-Wesley, |
| Date of publication, distribution, etc. |
c1999. |
| 300 ## - PHYSICAL DESCRIPTION |
| Extent |
xvii, 522 p. : |
| Other physical details |
ill. ; |
| Dimensions |
24 cm. |
| 520 1# - SUMMARY, ETC. |
| Summary, etc. |
"In Information Warfare and Security, Dorothy E. Denning, a pioneer in computer security, provides a framework for understanding and dealing with information-based threats: computer break-ins, fraud, sabotage, espionage, piracy, identity theft, invasions of privacy, and electronic warfare. She describes these attacks with astonishing, real examples, as in her analysis of information warfare operations during the Gulf War. Then, offering sound advice for security practices and policies, she explains countermeasures that are both possible and necessary."--BK JACKET. |
| 650 #0 - SUBJECT ADDED ENTRY--TOPICAL TERM |
| Topical term or geographic name entry element |
Information warfare. |
| 650 #0 - SUBJECT ADDED ENTRY--TOPICAL TERM |
| Topical term or geographic name entry element |
Information warfare |
| Geographic subdivision |
United States. |
| 650 #0 - SUBJECT ADDED ENTRY--TOPICAL TERM |
| Topical term or geographic name entry element |
National security |
| Geographic subdivision |
United States. |
| 942 ## - ADDED ENTRY ELEMENTS (KOHA) |
| Koha item type |
Book |
| Call number prefix |
005.8 DEN |
| Source of classification or shelving scheme |
|